[Event "Gibtelecom Masters"]
[Site "Catalan Bay ENG"]
[Date "2007.01.23"]
[Round "1"]
[White "Sengupta,D"]
[Black "Osuna Vega,E"]
[Result "1-0"]
[WhiteElo "2416"]
[BlackElo "2177"]
[EventDate "2007.01.23"]

1. e4 e6 2. Nf3 d5 3. Nc3 Nf6 4. e5 Ne4 5. Ne2 Be7 6. h4 f6 7. d3 Nc5 8.
Ng3 O-O 9. exf6 Bxf6 10. Bg5 h6 11. Bxf6 Qxf6 12. d4 Ne4 13. Qd3 Qf4 14.
Ne2 Qd6 15. Nc3 Bd7 16. Qe3 c5 17. Nxe4 dxe4 18. dxc5 Qc7 19. Nd2 Nc6 20.
O-O-O Nb4 21. a3 Nd5 22. Qxe4 Rf4 23. Qg6 Rf6 24. Qd3 Rxf2 25. Ne4 Rf7 26.
g3 Bc6 27. Rh2 b6 28. Rhd2 Rb8 29. Bh3 Qe7 30. c4 Nc7 31. cxb6 axb6 32. Bg2
Ba4 33. Re1 b5 34. c5 b4 35. Qd4 e5 36. Qc4 Bb5 37. Qxb4 Na6 38. Qc3 Rff8
39. Nd6 Nxc5 40. Rxe5 Na4 41. Qb3+ 1-0

[Event "Gibtelecom Masters"]
[Site "Catalan Bay ENG"]
[Date "2007.01.24"]
[Round "2"]
[White "Helin,M"]
[Black "Prasanna,Ra"]
[Result "1-0"]
[WhiteElo "1951"]
[BlackElo "2234"]
[EventDate "2007.01.23"]

1. e4 e5 2. Nc3 Nf6 3. Bc4 Bc5 4. f4 d6 5. Nf3 Nbd7 6. Ng5 O-O 7. f5 Nb6 8.
Bb3 d5 9. Qf3 h6 10. h4 a5 11. a3 a4 12. Ba2 dxe4 13. Ncxe4 Nxe4 14. Nxe4
Be7 15. d3 Nd7 16. g4 Bxh4+ 17. Ke2 Nf6 18. Be3 Nxe4 19. dxe4 b6 20. Kf1
Bg5 21. Rh5 Bxe3 22. Qxe3 Qd4 23. Qxd4 exd4 24. g5 Bb7 25. Re1 Rfe8 26. g6
Rxe4 27. gxf7+ Kf8 28. f6 Ra5 29. fxg7+ Kxg7 30. Rxe4 Bxe4 31. Rh2 Rb5 32.
Bc4 Rxb2 33. Rxh6 Rb1+ 34. Ke2 Rh1 35. Re6 Rh2+ 36. Ke1 Rh1+ 37. Ke2 Rh2+
38. Kf1 Rh1+ 39. Kf2 Kxf7 40. Rxe4+ Kf6 41. Ke2 Rh3 42. Rxd4 Rxa3 43. Bb5
Ke5 44. Rh4 Kd6 45. Bxa4 Rg3 46. Bb5 Kc5 47. Bd3 Rg5 48. Rc4+ Kd6 49. Rb4
Rh5 50. Kd2 Rg5 51. Kc3 Rc5+ 52. Kb3 Rg5 53. Rh4 Re5 54. c4 Kc5 55. Rh7 Kd6
56. Kb4 Re3 57. Bg6 Re5 58. Bf7 Re1 59. Bd5 Rb1+ 60. Kc3 Rc1+ 61. Kb2 Rg1
62. Rh6+ Kd7 63. Kb3 Rb1+ 64. Ka4 Rb2 65. Bc6+ Ke7 66. Bb5 Rb1 67. Rc6 Kd8
68. Re6 1-0

[Event "Gibtelecom Masters"]
[Site "Catalan Bay ENG"]
[Date "2007.01.26"]
[Round "4"]
[White "Van Beek,Al"]
[Black "Sharp,D"]
[Result "1-0"]
[WhiteElo "2399"]
[BlackElo "2085"]
[EventDate "2007.01.23"]

1. e4 e5 2. Nf3 Nc6 3. d4 exd4 4. Nxd4 Qh4 5. Nb5 Bc5 6. Qf3 Nd4 7. Nxc7+
Kd8 8. Qf4 Nxc2+ 9. Kd1 Qxf4 10. Bxf4 Nxa1 11. Nxa8 d6 12. Nc3 Be6 13. Bd3
Ne7 14. Ke2 Nb3 15. axb3 Kd7 16. Na4 Rxa8 17. Bb5+ Nc6 18. Rd1 Bb4 19. Rd4
Ba5 20. Nc5+ Ke7 21. Bxd6+ Kf6 22. e5+ Kg5 23. f4+ Kg6 24. Bd3+ Bf5 25. Ra4
b6 26. g4 Bxd3+ 27. Nxd3 b5 28. f5+ Kg5 29. Re4 Re8 30. Kf3 h5 31. h4+ Kxh4
32. Bc5 Bb6 33. Bxb6 axb6 34. Kf4 g5+ 35. fxg6 fxg6 36. gxh5 Kxh5 37. Re1
Rf8+ 38. Ke4 g5 39. e6 Kg6 40. Ne5+ Nxe5 41. Kxe5 Rf2 42. Kd6 Rd2+ 43. Kc7
Rc2+ 44. Kb7 1-0

[Event "Gibtelecom Masters"]
[Site "Catalan Bay ENG"]
[Date "2007.01.26"]
[Round "4"]
[White "Bellaiche,A"]
[Black "Dittmar,P"]
[Result "1-0"]
[WhiteElo "2472"]
[BlackElo "2351"]
[EventDate "2007.01.23"]

1. d4 d5 2. c4 e6 3. Nc3 Nf6 4. Nf3 c5 5. cxd5 Nxd5 6. e4 Nxc3 7. bxc3 cxd4
8. cxd4 Bb4+ 9. Bd2 Bxd2+ 10. Qxd2 O-O 11. Bc4 Nd7 12. O-O b6 13. Rfe1 Bb7
14. Rad1 Rc8 15. Bd3 Qe7 16. Re3 Rfd8 17. a4 e5 18. d5 Nc5 19. Qa2 Rd6 20.
Bf1 Ba6 21. Nd2 Bxf1 22. Rxf1 Rh6 23. Rc1 Rf8 24. Nf3 a5 25. Qc4 Rd6 26.
Qc2 Rg6 27. Rb1 Rb8 28. Rb5 h5 29. Nd2 h4 30. Nf3 h3 31. g3 Rg4 32. Kf1 f5
33. exf5 Rxa4 34. Nxe5 Qd6 35. Nc6 Rb7 36. Qd1 Ra1 37. Qxa1 Qxd5 38. Qd4
Qxc6 39. Qc4+ Kf8 40. Ke2 Rd7 41. Rb1 Qd6 42. Kf1 Qc6 43. Ke2 Qd6 44. Qh4
Rd8 45. Kf1 Qd5 46. Qxh3 Ne4 47. Rbe1 Nf6 48. Kg1 Kg8 49. g4 Nh7 50. g5 Rc8
51. Re8+ Rxe8 52. Rxe8+ Nf8 53. g6 Qd1+ 54. Kg2 Qd5+ 55. Qf3 Qc4 56. Qe4
1-0

[Event "Gibtelecom Masters"]
[Site "Catalan Bay ENG"]
[Date "2007.01.26"]
[Round "4"]
[White "Dekker,Al"]
[Black "Rajlich,I"]
[Result "1/2-1/2"]
[WhiteElo "2144"]
[BlackElo "2428"]
[EventDate "2007.01.23"]

1. e4 e6 2. d4 d5 3. Nc3 Bb4 4. e5 c5 5. a3 Bxc3+ 6. bxc3 Nc6 7. Qg4 g6 8.
Bd3 Qa5 9. Bd2 c4 10. Be2 Bd7 11. Nh3 O-O-O 12. O-O f5 13. Qh4 h6 14. Rfd1
Nge7 15. f4 g5 16. Qe1 Rdg8 17. a4 Ng6 18. Rdb1 Nd8 19. Rb4 Nf7 20. Bh5 Rg7
21. Kh1 Bc6 22. Qd1 Qd8 23. a5 g4 24. Ng1 Qh4 25. Bxg6 Rxg6 26. a6 b6 27.
Ne2 g3 28. h3 Ng5 29. fxg5 hxg5 30. Qe1 f4 31. Qf1 Qg4 32. Ng1 Rgh6 33. Qf3
Rxh3+ 34. Nxh3 Rxh3+ 35. Kg1 Qxf3 36. gxf3 Rh2 37. Be1 Kc7 38. Rd1 Rxc2 39.
Rbb1 Be8 40. Bd2 Bh5 41. Rbc1 Rb2 42. Rb1 Ra2 43. Ra1 Rxd2 44. Rxd2 Bxf3
45. Raa2 b5 46. Rdb2 Kb6 47. Rb4 Be4 48. Rab2 f3 49. Rxb5+ Kxa6 50. R5b4
f2+ 51. Rxf2 gxf2+ 52. Kxf2 Bf5 53. Kg3 Ka5 54. Kf3 Ka6 55. Ke3 Ka5 56. Rb7
Ka6 57. Rb8 Ka5 58. Rb7 Ka6 59. Rg7 g4 60. Kd2 Kb6 61. Kc1 a6 62. Kb2 Kb5
63. Ka3 Ka5 64. Rb7 Be4 65. Rg7 Bf5 66. Rg8 Kb5 67. Rb8+ Ka5 68. Rg8 Kb5
1/2-1/2

[Event "Gibtelecom Masters"]
[Site "Catalan Bay ENG"]
[Date "2007.01.29"]
[Round "6"]
[White "Sengupta,D"]
[Black "Gurevich,M"]
[Result "0-1"]
[WhiteElo "2416"]
[BlackElo "2635"]
[EventDate "2007.01.23"]

1. e4 e6 2. d4 d5 3. Nc3 Nf6 4. e5 Nfd7 5. Nf3 c5 6. dxc5 Nc6 7. Bf4 Bxc5
8. Bd3 f6 9. exf6 Qxf6 10. Bg5 Qf7 11. O-O O-O 12. Bh4 Qh5 13. Bg3 a6 14.
Qe2 Nf6 15. Rad1 Bd7 16. Na4 Ba7 17. c4 Nb4 18. Nc3 Nxd3 19. Qxd3 Rac8 20.
cxd5 exd5 21. Nxd5 Qxd5 22. Qxd5+ Nxd5 23. Rxd5 Be6 24. Rd2 Bxa2 25. h3
Rfd8 26. Rfd1 Rxd2 27. Rxd2 Be6 28. Rd6 Re8 29. Nd4 Bc8 30. Kh2 Bc5 31. Rd5
Be7 32. Bc7 Bf6 33. f4 Kf7 34. Be5 Rd8 35. Rxd8 Bxd8 36. g4 g6 37. Kg3 Be7
38. Bh8 Kg8 39. Be5 Kf7 40. Bh8 Bb4 41. Kh4 a5 42. Kg5 Bd7 43. Be5 b5 44.
f5 Bd2+ 45. Kh4 gxf5 46. gxf5 Bh6 47. Kg4 Bf8 48. Kf4 a4 49. Nf3 h6 50. Bd4
Bd6+ 51. Ne5+ Kf6 52. Ke4 Bxf5+ 53. Kd5 Ke7 54. h4 b4 55. Nc6+ Kd7 56. Ne5+
Kc7 57. Nc4 Be7 58. Be5+ Kd8 59. h5 a3 60. bxa3 bxa3 61. Ne3 Bh7 62. Kc4
Kd7 63. Kb3 Bg8+ 64. Kc2 Kc6 65. Ng4 Be6 66. Ne3 Bg5 67. Nf1 Kb5 68. Bc3
Ka4 69. Nd2 Bf5+ 70. Kc1 Bg4 71. Kb1 Bxh5 72. Ka1 Bf7 73. Ne4 Be3 74. Bg7
h5 75. Bf6 Kb3 76. Nd6 h4 77. Nf5 h3 78. Be5 Bg1 0-1

[Event "Gibtelecom Masters"]
[Site "Catalan Bay ENG"]
[Date "2007.01.30"]
[Round "7"]
[White "Al Sayed,Mohamad"]
[Black "Ehlvest,J"]
[Result "1-0"]
[WhiteElo "2460"]
[BlackElo "2610"]
[EventDate "2007.01.23"]

1. e4 e6 2. d4 d5 3. Nc3 Bb4 4. e5 b6 5. a3 Bxc3+ 6. bxc3 Qd7 7. Nh3 Ba6 8.
Bxa6 Nxa6 9. Nf4 Qa4 10. Qg4 g6 11. O-O O-O-O 12. Qe2 Nb8 13. Nd3 h6 14.
Nb2 Qa6 15. Qf3 Rh7 16. a4 Nc6 17. Nd3 Na5 18. Ba3 Nc4 19. Qe2 Qb7 20. Nb2
Nxb2 21. Bxb2 a5 22. Ba3 Qc6 23. Qd3 Re8 24. Rfb1 Rg7 25. f3 f5 26. Rb3 Kd7
27. Rb5 g5 28. Rab1 Rc8 29. Kf2 h5 30. g3 Nh6 31. Rd1 f4 32. gxf4 gxf4 33.
Rg1 Rcg8 34. Rxg7+ Rxg7 35. Bf8 Nf5 36. Bxg7 Nxg7 37. Qh7 Qxc3 38. Qxg7+
Kc6 39. Qg6 Qe3+ 40. Kg2 Qe2+ 41. Kh3 Qxf3+ 42. Kh4 Qf2+ 43. Kg5 f3 44.
Qxe6+ Kb7 45. Qxd5+ Ka7 46. Qc6 Kb8 1-0

[Event "Gibtelecom Masters"]
[Site "Catalan Bay ENG"]
[Date "2007.01.30"]
[Round "7"]
[White "Bellon Lopez,JuM"]
[Black "Georgiev,Ki"]
[Result "0-1"]
[WhiteElo "2442"]
[BlackElo "2661"]
[EventDate "2007.01.23"]

1. d4 Nf6 2. Bg5 e6 3. e4 h6 4. Bxf6 Qxf6 5. Qd2 d6 6. Nc3 g5 7. h4 Bg7 8.
O-O-O Bd7 9. hxg5 hxg5 10. Rxh8+ Bxh8 11. Bb5 Nc6 12. Nf3 g4 13. Bxc6 Bxc6
14. Nh2 Qh4 15. Qf4 Bxd4 16. Nxg4 Be5 17. Qf3 Bg7 18. g3 Qg5+ 19. Qf4 Qxf4+
20. gxf4 Ke7 21. Re1 Bxc3 22. bxc3 Rg8 23. f3 Rh8 24. Kd2 Rh5 25. c4 b6 26.
Re2 Ra5 27. Rh2 Rxa2 28. Rh8 Ra5 29. Nh6 Rc5 30. Ke3 Rxc4 31. Rh7 Be8 32.
e5 Rc3+ 33. Kf2 Rxc2+ 34. Kg3 Rc5 35. Ng4 b5 36. Rh8 b4 37. Nf6 Ba4 38. Ne4
Rc2 39. Ra8 Bc6 40. exd6+ Kd7 41. Rxa7 Bxe4 42. fxe4 Kxd6 0-1

[Event "Gibtelecom Masters"]
[Site "Catalan Bay ENG"]
[Date "2007.01.30"]
[Round "7"]
[White "Tregubov,P"]
[Black "Swinkels,R"]
[Result "1/2-1/2"]
[WhiteElo "2613"]
[BlackElo "2428"]
[EventDate "2007.01.23"]

1. d4 Nf6 2. c4 g6 3. Nc3 d5 4. Nf3 Bg7 5. e3 O-O 6. cxd5 Nxd5 7. Bc4 Nb6
8. Bb3 c5 9. O-O cxd4 10. exd4 Nc6 11. d5 Na5 12. Re1 Bg4 13. h3 Bxf3 14.
Qxf3 Nxb3 15. axb3 Re8 16. Be3 Bxc3 17. Bxb6 Qxb6 18. bxc3 e6 19. dxe6 Rxe6
20. Rxe6 fxe6 21. c4 Rf8 22. Qg3 a6 23. Re1 Rf5 24. Re3 Qc6 25. Qb8+ Kg7
26. Qd8 b5 27. cxb5 Qxb5 28. Qe7+ Rf7 29. Qxe6 a5 30. Qd6 Rd7 31. Re7+ Rxe7
32. Qxe7+ Kg8 33. Qe6+ Kg7 34. Qe3 Kg8 35. Qf3 Kg7 36. Qd1 h5 37. h4 Qe5
38. g3 Qf5 39. Qd4+ Kh7 40. Qc4 Qb1+ 41. Kg2 Qf5 42. Kf1 Qb1+ 43. Kg2 Qf5
44. Qf4 Qd7 45. Qe4 Qf7 46. Qd3 Qe8 47. Qe3 Qd7 48. Qe4 Qf7 49. Qc2 Qd5+
50. Kg1 Qd7 51. Qc4 Qf5 52. Qc7+ Kg8 53. Qd8+ Kg7 54. Qe7+ Kg8 55. Qg5 Qe6
56. Kf1 Kh7 57. Qb5 Qe4 58. Qd7+ Kg8 59. Qd8+ Kh7 60. Qc7+ Kg8 61. Qb8+ Kh7
62. Qa7+ Kg8 63. Qe3 Qb1+ 64. Kg2 Qf5 65. Qc3 Kh7 66. Kf1 Qe4 67. f3 Qe6
68. Kf2 Qd7 69. Qc2 Qd4+ 70. Kg2 Qd7 71. f4 Qd5+ 72. Kf2 Qe6 73. Qc7+ Kg8
74. Qb8+ Kh7 75. Qa7+ Kg8 76. Qe3 Qc6 77. Qd3 Qe6 78. Kf3 Kh7 79. Qc3 Kg8
80. Qe3 Qc6+ 81. Qe4 Qc3+ 82. Kf2 Kh7 83. Qe7+ Kg8 84. Qd8+ Kh7 85. Qd5
Qc2+ 86. Ke3 Qc1+ 87. Ke2 Qc2+ 88. Ke3 Qc1+ 89. Qd2 Qg1+ 90. Kf3 Qh1+ 91.
Ke3 Qg1+ 92. Kf3 1/2-1/2

[Event "Gibtelecom Masters"]
[Site "Catalan Bay ENG"]
[Date "2007.01.30"]
[Round "7"]
[White "Wippermann,T"]
[Black "Al Modiahki,M"]
[Result "0-1"]
[WhiteElo "2403"]
[BlackElo "2556"]
[EventDate "2007.01.23"]

1. e4 c5 2. Nf3 e6 3. b3 b6 4. d4 cxd4 5. Nxd4 Bc5 6. c3 Bb7 7. Bd3 Qf6 8.
Qe2 Bxd4 9. cxd4 Nc6 10. e5 Qh4 11. Qe4 Qxe4+ 12. Bxe4 O-O-O 13. Bb2 Nb4
14. Nc3 d5 15. Bb1 Ba6 16. a4 Ne7 17. Nb5 Kd7 18. Kd2 Nbc6 19. Bd3 f6 20.
exf6 gxf6 21. Nxa7 Bxd3 22. Nxc6 Nxc6 23. Kxd3 Rhg8 24. g3 e5 25. Rhe1 e4+
26. Kd2 Nb4 27. Ba3 Nd3 28. Rf1 f5 29. f3 Ke6 30. Ra2 Rc8 31. Rc2 Rxc2+ 32.
Kxc2 h5 33. fxe4 dxe4 34. d5+ Ke5 35. Be7 Rc8+ 36. Kd2 Nc5 37. Bg5 Nxb3+
38. Ke1 Nd4 39. Be3 Kxd5 40. Bxd4 Rc1+ 41. Kd2 Rxf1 42. Bxb6 Rh1 43. h4 Ra1
44. a5 Ra3 45. Bc7 e3+ 0-1

[Event "Gibtelecom Masters"]
[Site "Catalan Bay ENG"]
[Date "2007.01.30"]
[Round "7"]
[White "Harika,D"]
[Black "Greenfeld,A"]
[Result "0-1"]
[WhiteElo "2421"]
[BlackElo "2556"]
[EventDate "2007.01.23"]

1. d4 Nf6 2. c4 g6 3. Nc3 Bg7 4. e4 d6 5. Nf3 O-O 6. h3 e5 7. d5 Nh5 8. Be3
f5 9. exf5 gxf5 10. Nxe5 Qe8 11. Nd3 Ng3 12. fxg3 Qxe3+ 13. Ne2 Re8 14. Qd2
Qxg3+ 15. Kd1 Qh4 16. Qf4 Qh5 17. Qf3 Qh6 18. Qf4 Nd7 19. Qxh6 Bxh6 20. Nc3
Nf6 21. Be2 Bd7 22. Rf1 Ne4 23. Nxe4 Rxe4 24. b3 b5 25. c5 Rae8 26. Bf3 Rd4
27. Kc2 f4 28. Rae1 Rxe1 29. Nxe1 dxc5 30. Kc1 Bf5 31. Nc2 Rd3 32. Re1 Kf8
33. h4 Rc3 34. Re2 c4 35. Kd1 cxb3 36. axb3 Bg7 37. b4 Rb3 38. Be4 Bg4 39.
Bf3 Bxf3 40. gxf3 Rxf3 41. Re4 Rd3+ 42. Ke2 Rxd5 43. Rxf4+ Ke7 44. Ne3 Re5
45. Rf5 Ke6 0-1

[Event "Gibtelecom Masters"]
[Site "Catalan Bay ENG"]
[Date "2007.01.30"]
[Round "7"]
[White "Ly,M"]
[Black "Howell,D"]
[Result "0-1"]
[WhiteElo "2307"]
[BlackElo "2501"]
[EventDate "2007.01.23"]

1. e4 g6 2. d4 Bg7 3. Nf3 d6 4. h3 Nd7 5. Bc4 e6 6. Nc3 a6 7. a4 b6 8. O-O
Bb7 9. Bg5 Ne7 10. Qd2 h6 11. Be3 g5 12. Nh2 Ng6 13. d5 Qe7 14. dxe6 fxe6
15. Rfe1 Nde5 16. Bb3 Bf6 17. f3 h5 18. Ne2 c5 19. Rad1 O-O-O 20. Ba2 d5
21. exd5 exd5 22. Bf2 Nh4 23. Bxh4 gxh4 24. Nc3 c4 25. Qf2 Qc5 26. Ne2 Rhg8
27. Nf4 Qxf2+ 28. Kxf2 Ng6 29. Ne6 Rde8 30. c3 Be5 31. f4 Bxf4 32. Nxf4
Rxe1 33. Kxe1 Nxf4 34. Rd4 Rxg2 35. Rxf4 Rxh2 36. Bb1 Rh1+ 37. Rf1 Rxf1+
38. Kxf1 Kc7 39. Bg6 Bc6 40. a5 bxa5 41. Bxh5 Bd7 42. Bg4 Bxg4 43. hxg4 a4
0-1

[Event "Gibtelecom Masters"]
[Site "Catalan Bay ENG"]
[Date "2007.01.30"]
[Round "7"]
[White "Mohota,N"]
[Black "Caruana,F"]
[Result "1-0"]
[WhiteElo "2261"]
[BlackElo "2492"]
[EventDate "2007.01.23"]

1. d4 Nf6 2. c4 e6 3. Nc3 Bb4 4. Qc2 Nc6 5. Nf3 d6 6. Bd2 O-O 7. a3 Bxc3 8.
Bxc3 Qe7 9. b4 e5 10. dxe5 Nxe5 11. e3 b6 12. Be2 Bb7 13. Nxe5 dxe5 14. O-O
Qe6 15. f3 Rad8 16. a4 Ne8 17. c5 Nf6 18. e4 Nh5 19. g3 Nf6 20. Rfd1 h5 21.
Bb2 Nd7 22. cxb6 Qxb6+ 23. Kg2 a5 24. bxa5 Qxa5 25. Bc3 Qa7 26. Bb5 c6 27.
Bb4 Rfe8 28. Bxc6 Bxc6 29. Qxc6 Nf6 30. Bc5 Qa5 31. Bf2 Rc8 32. Qb6 Qc3 33.
a5 h4 34. Qe3 Qb2 35. Rdb1 Qc2 36. a6 Qc4 37. a7 Qe6 38. g4 h3+ 39. Kg3
Red8 40. Qb6 Qe8 41. Kxh3 Nh7 42. Be3 Nf8 43. Rd1 Rxd1 44. Rxd1 Ne6 45. Rb1
Kh7 46. Qd6 Nc7 47. Rc1 1-0

[Event "Gibtelecom Masters"]
[Site "Catalan Bay ENG"]
[Date "2007.01.30"]
[Round "7"]
[White "Salgado Allaria,C"]
[Black "Ramesh,R"]
[Result "0-1"]
[WhiteElo "2288"]
[BlackElo "2483"]
[EventDate "2007.01.23"]

1. d4 Nf6 2. Nf3 d5 3. c4 e6 4. g3 dxc4 5. Qa4+ c6 6. Qxc4 b5 7. Qc2 Bb7 8.
Bg2 Nbd7 9. Nc3 c5 10. O-O b4 11. Na4 Rc8 12. Qd1 c4 13. a3 a5 14. axb4
axb4 15. Bg5 Be7 16. e3 O-O 17. Bxf6 Bxf6 18. Nd2 Bxg2 19. Kxg2 e5 20. d5
Be7 21. d6 Bxd6 22. Nxc4 Rxc4 23. Qxd6 Qc7 24. Qxc7 Rxc7 25. Rac1 Rfc8 26.
Rxc7 Rxc7 27. Rd1 f6 28. Rd5 Rb7 29. Nc5 Nxc5 30. Rxc5 Kf7 31. Kf3 Ke6 32.
b3 h5 33. h3 g5 34. e4 Rd7 35. Ke3 Rd4 36. Rc6+ Kf7 37. Rb6 h4 38. g4 Rd1
39. Rxb4 Rh1 40. Rb7+ Kg6 41. Kf3 Rxh3+ 42. Kg2 Rd3 43. Rb8 h3+ 44. Kh2 Rf3
45. Rb7 Rxf2+ 46. Kxh3 Rf3+ 47. Kh2 Rf4 48. Rb4 Rxg4 49. Rc4 Rf4 50. Kg2
Rg4+ 51. Kf2 Rh4 52. Kg2 Rh7 53. b4 Rb7 54. Kh3 Kh5 55. Kg3 Rb8 56. Kh3 g4+
57. Kg3 Kg5 58. Kg2 Kf4 59. Kf2 g3+ 60. Kg2 Rb6 61. Rc3 Kxe4 62. Rb3 Kd4
63. Kxg3 Kc4 64. Rf3 Kxb4 65. Kg4 Kc4 66. Kf5 Kd4 67. Ra3 Rd6 68. Ra4+ Ke3
69. Re4+ Kf3 70. Rh4 Rd4 71. Rh3+ Kg2 72. Rh5 Rf4+ 73. Ke6 e4 0-1

[Event "Gibtelecom Masters"]
[Site "Catalan Bay ENG"]
[Date "2007.01.30"]
[Round "7"]
[White "Ris,R"]
[Black "Spraggett,K"]
[Result "1-0"]
[WhiteElo "2403"]
[BlackElo "2633"]
[EventDate "2007.01.23"]

1. d4 Nf6 2. c4 e6 3. Nf3 b6 4. g3 Ba6 5. Qc2 Bb7 6. Bg2 c5 7. d5 exd5 8.
cxd5 Nxd5 9. Qb3 Nc7 10. Ne5 d5 11. Nc3 Bd6 12. Nxf7 Kxf7 13. Nxd5 Kf8 14.
Bg5 Qd7 15. O-O-O Nc6 16. Qf3+ Ke8 17. Qe4+ Ne6 18. Nc7+ Qxc7 19. Qxe6+ Be7
20. Bxc6+ 1-0

[Event "Gibtelecom Masters"]
[Site "Catalan Bay ENG"]
[Date "2007.01.30"]
[Round "7"]
[White "Klinova,M"]
[Black "Rogers,I"]
[Result "0-1"]
[WhiteElo "2330"]
[BlackElo "2529"]
[EventDate "2007.01.23"]

1. e4 e6 2. Nf3 d5 3. Nc3 Nf6 4. exd5 exd5 5. d4 c6 6. Bd3 Be7 7. h3 O-O 8.
O-O b6 9. Ne2 Ne4 10. c4 Ba6 11. Qc2 Re8 12. Bf4 Bd6 13. Rfe1 Nf6 14. Be5
Bxc4 15. Bxc4 dxc4 16. Qxc4 Nd5 17. Nc3 b5 18. Qb3 Bf8 19. a4 b4 20. Ne4
Nd7 21. Rac1 Rc8 22. Bg3 a5 23. Ne5 Nxe5 24. dxe5 Qd7 25. Qd3 Nb6 26. Qxd7
Nxd7 27. Nd2 Nc5 28. Rc2 b3 29. Rc3 Nxa4 30. Rxb3 Bb4 31. Re2 Rcd8 32. Nc4
Rd4 33. Rc2 Nc5 34. Re3 Ne4 35. Nd6 Nxg3 36. Rxg3 Rxe5 37. Rxc6 Bxd6 38.
Rc8+ Bf8 39. Rb3 Rb4 40. Rd3 Re1+ 41. Kh2 Rxb2 42. Rdd8 g6 43. Rxf8+ Kg7
44. Rg8+ Kh6 45. Rc4 Rxf2 46. Rh4+ Kg5 47. Rg4+ Kf6 48. Ra8 Ra1 49. Ra6+
Kg7 50. h4 h5 51. Rg5 a4 52. Rg3 Rf4 53. Rh3 a3 54. Ra7 a2 55. Ra6 Rf2 56.
Rha3 Rf4 57. Rh3 Rff1 58. Rha3 Rab1 59. Rxa2 Rh1+ 60. Kg3 Rb3+ 61. Kf2 Rxh4
62. Ra7 Rf4+ 63. Kg1 h4 64. Kh2 Rb1 65. Rc2 Kh6 66. g3 hxg3+ 67. Kxg3 Kg5
68. Ra6 Rb3+ 69. Kg2 Rfb4 70. Rc5+ Kg4 71. Rcc6 Rb2+ 72. Kf1 Rd2 0-1

[Event "Gibtelecom Masters"]
[Site "Catalan Bay ENG"]
[Date "2007.01.30"]
[Round "7"]
[White "Rasch,H"]
[Black "Tissir,M"]
[Result "0-1"]
[WhiteElo "2272"]
[BlackElo "2482"]
[EventDate "2007.01.23"]

1. e4 c5 2. c3 d5 3. exd5 Qxd5 4. d4 g6 5. Nf3 Bg7 6. Na3 cxd4 7. Bc4 Qd8
8. Qb3 e6 9. Nxd4 Ne7 10. Bg5 Nbc6 11. Rd1 Qc7 12. Nab5 Qe5+ 13. Be3 O-O
14. Nf3 Qb8 15. Bc5 Qf4 16. Be2 b6 17. Bd6 Qe4 18. Qa3 Nd5 19. Nd2 Qxg2 20.
Bf3 Qh3 21. c4 Re8 22. Nc7 Nd4 23. Be4 Qh5 24. Nf3 Nxc7 25. Bxc7 Qg4 26.
Rxd4 Bxd4 27. Bxa8 Bc5 28. b4 Qxc4 29. bxc5 Ba6 30. Qb2 Rxa8 31. Nd4 bxc5
32. Be5 Qd5 0-1

[Event "Gibtelecom Masters"]
[Site "Catalan Bay ENG"]
[Date "2007.01.30"]
[Round "7"]
[White "Abergel,T"]
[Black "Houska,Jo"]
[Result "0-1"]
[WhiteElo "2475"]
[BlackElo "2384"]
[EventDate "2007.01.23"]

1. e4 c6 2. d4 d5 3. Nc3 dxe4 4. Nxe4 Bf5 5. Ng3 Bg6 6. h4 h6 7. Nf3 Nd7 8.
h5 Bh7 9. Bd3 Bxd3 10. Qxd3 e6 11. Bf4 Qa5+ 12. Bd2 Bb4 13. c3 Be7 14. c4
Qc7 15. d5 cxd5 16. cxd5 Qd6 17. Bc3 Ngf6 18. O-O-O Qxd5 19. Qxd5 Nxd5 20.
Bxg7 Rh7 21. Bd4 N7f6 22. Ne5 Rg7 23. Kb1 a6 24. Nd3 Rg4 25. Be5 Rd8 26.
Rd2 Nd7 27. Re2 Nxe5 28. Nxe5 Rg5 29. Nf3 Rg8 30. Rg1 Nf6 31. Nd2 Rg5 32.
Nf3 Rb5 33. Ne5 Bd6 34. f4 Nd5 35. Ne4 Nxf4 36. Nxf7 Kxf7 37. Rf2 Bb8 38.
g3 Rf5 39. Rgf1 Nxh5 40. Rxf5+ exf5 41. Rxf5+ Kg6 0-1

[Event "Gibtelecom Masters"]
[Site "Catalan Bay ENG"]
[Date "2007.01.30"]
[Round "7"]
[White "Vijayalakshmi,S"]
[Black "Solomon,K"]
[Result "0-1"]
[WhiteElo "2459"]
[BlackElo "2320"]
[EventDate "2007.01.23"]

1. d4 d5 2. c4 c6 3. Nf3 Nf6 4. Nc3 dxc4 5. a4 Bf5 6. e3 e6 7. Bxc4 Bb4 8.
O-O Nbd7 9. Qe2 Bg6 10. e4 O-O 11. Bd3 Bh5 12. e5 Nd5 13. Ne4 Re8 14. Ng3
Bg6 15. Bxg6 fxg6 16. Bg5 Qb6 17. Ne4 c5 18. Nd6 Rf8 19. a5 Qa6 20. Qxa6
bxa6 21. dxc5 Bxc5 22. Ne4 Rab8 23. Rfc1 Rfc8 24. Ne1 Bd4 25. Rxc8+ Rxc8
26. Rd1 Bxb2 27. f4 Rc1 28. Rxc1 Bxc1 29. g3 h6 30. Bd8 Kf8 31. Nd6 Nb8 32.
Nf3 Nc6 33. Nb7 Ke8 34. Bh4 Ba3 35. Nd2 Bb4 36. Nc4 Kd7 37. Kg2 Kc7 38.
Nbd6 Nxa5 39. Nxa5 Bxa5 40. Bd8+ Kxd8 41. Nb7+ Kc7 42. Nxa5 Kb6 43. Nb3 a5
44. Nd4 Nc7 45. Kf3 Kc5 46. Ke3 Kc4 47. Nc6 a4 48. Kd2 Nd5 49. Kc1 a3 50.
Kb1 Nb4 51. Nxb4 Kxb4 52. Ka2 h5 53. h3 Kc5 54. Kxa3 Kd5 55. Kb4 g5 56. Kb5
h4 0-1

[Event "Gibtelecom Masters"]
[Site "Catalan Bay ENG"]
[Date "2007.01.30"]
[Round "7"]
[White "Paehtz,E"]
[Black "Richardson,Kei"]
[Result "1-0"]
[WhiteElo "2451"]
[BlackElo "2250"]
[EventDate "2007.01.23"]

1. e4 g6 2. d4 Bg7 3. Nc3 d6 4. f4 Nc6 5. Be3 Nf6 6. Nf3 O-O 7. Be2 a6 8.
h3 Nh5 9. g4 Ng3 10. Rg1 Nxe2 11. Nxe2 e5 12. dxe5 dxe5 13. f5 b6 14. c3
Qxd1+ 15. Rxd1 Re8 16. h4 Bb7 17. Rd7 Re7 18. Rxe7 Nxe7 19. Ng3 Nc8 20. Nd2
Nd6 21. Kf2 a5 22. c4 c5 23. a4 Rd8 24. Ra1 Ba6 25. Rc1 Bf8 26. Bg5 Rd7 27.
Ke2 h6 28. Be3 Bb7 29. fxg6 fxg6 30. h5 gxh5 31. Nxh5 Rf7 32. Kd3 Bc6 33.
b3 Kh7 34. Rh1 Kg6 35. Ng3 Rd7 36. Ke2 Nf7 37. Nf3 Be7 38. Bxh6 Bf6 39. Be3
Rd8 40. g5 1-0

[Event "Gibtelecom Masters"]
[Site "Catalan Bay ENG"]
[Date "2007.01.30"]
[Round "7"]
[White "Revesz,Z"]
[Black "Arakhamia,K"]
[Result "1-0"]
[WhiteElo "2245"]
[BlackElo "2437"]
[EventDate "2007.01.23"]

1. e4 c5 2. c3 d5 3. exd5 Qxd5 4. d4 Nf6 5. Nf3 e6 6. Na3 Nc6 7. Nb5 Qd8 8.
dxc5 Bxc5 9. Qxd8+ Kxd8 10. Bf4 Nd5 11. O-O-O Ke7 12. Bg3 a6 13. Nbd4 Nxd4
14. Nxd4 Rd8 15. Nb3 Bd6 16. c4 Nb4 17. a3 Nc6 18. Bxd6+ Rxd6 19. Rxd6 Kxd6
20. c5+ Kc7 21. Be2 e5 22. Bc4 f6 23. Bd5 a5 24. Nd2 Bf5 25. Nc4 a4 26. Nd6
Ra5 27. Nxf5 Rxc5+ 28. Kb1 Rxd5 29. Nxg7 Kd7 30. Rc1 Na5 31. Nf5 Nb3 32.
Ne3 Rd4 33. Rd1 Ke6 34. Kc2 Rf4 35. f3 Nd4+ 36. Kd3 b5 37. Rc1 Kd6 38. Rc8
Rh4 39. h3 Kd7 40. Rb8 f5 41. Rb6 Rh5 42. Kc3 Rh4 43. Rf6 Rh5 44. Kb4 f4
45. Ng4 Nc2+ 46. Kxb5 e4+ 47. Kxa4 e3 48. Rxf4 e2 49. Re4 e1=Q 50. Rxe1
Nxe1 51. Nf6+ 1-0

[Event "Gibtelecom Masters"]
[Site "Catalan Bay ENG"]
[Date "2007.01.30"]
[Round "7"]
[White "Felgaer,R"]
[Black "Wallace,P"]
[Result "1-0"]
[WhiteElo "2556"]
[BlackElo "2274"]
[EventDate "2007.01.23"]

1. c4 e5 2. Nc3 Nc6 3. g3 g6 4. Bg2 Bg7 5. e3 Nf6 6. Nge2 O-O 7. O-O d6 8.
d3 Re8 9. Rb1 Bf5 10. e4 Bd7 11. h3 h6 12. Be3 Kh7 13. f4 Rf8 14. Qd2 Ng8
15. d4 f5 16. Rbd1 exd4 17. Nxd4 fxe4 18. Nxe4 Nxd4 19. Bxd4 Bxd4+ 20. Qxd4
Bc6 21. c5 dxc5 22. Qc3 Qe8 23. Nxc5 Rf7 24. Rfe1 Re7 25. Rxe7+ Nxe7 26.
Bxc6 Qxc6 27. Rd7 1-0

[Event "Gibtelecom Masters"]
[Site "Catalan Bay ENG"]
[Date "2007.01.30"]
[Round "7"]
[White "Ward,C"]
[Black "Malmdin,N"]
[Result "1-0"]
[WhiteElo "2456"]
[BlackElo "2231"]
[EventDate "2007.01.23"]

1. d4 e6 2. e4 c5 3. d5 Nf6 4. Nc3 a6 5. d6 Nc6 6. f4 b5 7. e5 b4 8. Na4
Qa5 9. b3 Nd5 10. Bc4 Nc3 11. Nxc3 bxc3 12. Nf3 g6 13. h4 h5 14. Be3 Bb7
15. a3 Bg7 16. O-O O-O 17. Qd3 Rfc8 18. Ng5 Nd4 19. Bxd4 cxd4 20. Qxd4 Qc5
21. Qxc5 Rxc5 22. Rad1 Ra5 23. a4 f6 24. Bxe6+ dxe6 25. Nxe6 fxe5 26. d7
Bf6 27. fxe5 Bxh4 28. d8=Q+ Rxd8 29. Nxd8 Be4 30. Ne6 Bf5 31. Nd4 Bg4 32.
Nf3 Be7 33. Kh1 Rc5 34. Rfe1 h4 35. e6 h3 36. Rd7 Kf8 37. Ne5 hxg2+ 38.
Kxg2 Bf5 39. Re2 Ke8 40. Ra7 Bxe6 41. Ra8+ Bd8 42. Nf3 1-0